=LDR 00000nam 2200000 4500 =001 INLIS000000000045892 =005 20150211132958.0 =006 =007 =008 =020 ##$$a 978-602-14001-5-9 =035 ##$$0010-021500000000452 =040 ##$$a NBPDMAT =082 ##$$a530.07 =090 ##$$a 530.07 $b Gur i =100 ##$$aGuru Pencerdas Bangsa =245 ##$$a Intisari sakti fisika SMP dan MTS kelas 7, 8, 9 / $c Guru Pencerdas Bangsa =250 ##$$a Cet.1 =260 ##$$a Jakarta $b Padi , $c 2010 =300 ##$$a vii, 185 hlm. . ; $c 19 cm. =650 ##$$a Fisika SMP-Studi dan Pengajaran =850 ##$$a NBPDMAT =990 ##$$a 0001/BPAP-NTB/20142015 =990 ##$$a 0001/BPAP-NTB/20142015